Winning with teamwork : quatations to inspire the power of teamwork

Bibliographic Details
Other Authors: Karvelas, Katherina
Format: Book
Published: Petaling Jaya : Advantage Quest Publications , 2008
Subjects:

MARC

LEADER 00000cam a2200000 7i4500
001 0000003980
005 20130227.0
020 0 0 |a 9789833830664 
090 0 0 |a 158.1   |b WIN 
245 1 0 |a Winning with teamwork :   |b quatations to inspire the power of teamwork   |c compiled by Katherina Karvelas 
260 0 0 |a Petaling Jaya :   |b Advantage Quest Publications ,   |c 2008 
300 |a 126 p. ;   |c 18cm. 
650 0 0 |a Motivation (Psychology) 
650 0 0 |a Self-actualization (Psychology) 
650 0 0 |a Teams in the workplace 
700 0 1 |a Karvelas, Katherina 
999 |a 007779   |b Monograph   |c Open Shelf   |e Default branch